000 00535nam a2200181Ia 4500
999 _c15458
_d15458
082 _aTS.0022
100 _aSoral, Girdhar
245 0 _aIndian shipping : A financial appraisal
260 _c1987
_bUniversity of Rajasthan
300 _a467p. + C D - 50
650 _aTRANSPORTATION///SHIPPING
650 _aSHIPPING - INDIA - FINANCE
650 _aMARINE TRANSPORTATION//SHIPPING
650 _aWATER TRANSPORTATION//SHIPPING
650 _aFINANCE///SHIPPING - INDIA - FINANCE
710 _aKhandelwal, M.C.
942 _cTH
_2ddc